<?xml version="1.0" encoding="UTF-8"?>
<marc:record xmlns:marc="http://www.loc.gov/MARC21/slim">
   <marc:leader>00000nam a2200000 a 4500</marc:leader>
   <marc:datafield ind1="1" ind2=" " tag="100">
      <marc:subfield code="a">Tan, Twan Eng</marc:subfield>
      <marc:subfield code="4">aut</marc:subfield>
      <marc:subfield code="e">Verfasser/-in</marc:subfield>
   </marc:datafield>
   <marc:datafield ind1="1" ind2=" " tag="100">
      <marc:subfield code="a">Grabinger, Michaela</marc:subfield>
   </marc:datafield>
   <marc:datafield ind1="0" ind2="0" tag="245">
      <marc:subfield code="a">Das Haus der Türen</marc:subfield>
   </marc:datafield>
   <marc:datafield ind1="0" ind2="0" tag="245">
      <marc:subfield code="b">Roman</marc:subfield>
   </marc:datafield>
   <marc:datafield ind1="0" ind2="0" tag="245">
      <marc:subfield code="c">Tan Twan Eng ; aus dem Englischen von Michaela Grabinger</marc:subfield>
   </marc:datafield>
   <marc:datafield ind1=" " ind2="1" tag="264">
      <marc:subfield code="a">Köln</marc:subfield>
      <marc:subfield code="b">DuMont Buchverlag</marc:subfield>
      <marc:subfield code="c">2026</marc:subfield>
   </marc:datafield>
   <marc:datafield ind1=" " ind2=" " tag="250">
      <marc:subfield code="a">1. Erstmals im Taschenbuch</marc:subfield>
   </marc:datafield>
   <marc:datafield ind1="1" ind2=" " tag="520">
      <marc:subfield code="a">Malaysia 1921: Lesley Hamlyn lebt das äußerlich angenehme und gleichförmige Leben einer Frau der britischen Kolonialgesellschaft. Mit dem Eintreffen von Willie Somerset Maugham, einem alten Freund ihres Ehemanns Robert, kehrt Lebendigkeit in das Haus zurück und Erlebnisse der Vergangenheit drängen an die Oberfläche. Somerset Maugham ist zu diesem Zeitpunkt ein berühmter Schriftsteller, jedoch getrieben von Sorgen und Ängsten. Je stärker sich Lesley und er anfreunden, desto mehr Geheimnisse vertraut sie ihm an: ihre frühere Unterstützung politischer Rebellen, die das alte China beenden wollten, ihre Affäre mit einem chinesischen Mann, der Niedergang ihrer Ehe. Am Beispiel einer Freundin begreift Lesley, wie aussichtslos ihre Liebe ist und wie verheerend die Folgen für sie wären: ohne finanzielle Mittel, gesellschaftlich geächtet, würde sie ohne ihre Kinder leben müssen.</marc:subfield>
   </marc:datafield>
   <marc:datafield ind1=" " ind2=" " tag="020">
      <marc:subfield code="a">9783755805625</marc:subfield>
      <marc:subfield code="9">9783755805625</marc:subfield>
   </marc:datafield>
   <marc:datafield ind1=" " ind2=" " tag="020">
      <marc:subfield code="a">3755805626</marc:subfield>
      <marc:subfield code="9">3755805626</marc:subfield>
   </marc:datafield>
   <marc:datafield ind1="3" ind2=" " tag="024">
      <marc:subfield code="a">9783755805625</marc:subfield>
   </marc:datafield>
   <marc:datafield ind1=" " ind2=" " tag="041">
      <marc:subfield code="a">ger</marc:subfield>
   </marc:datafield>
   <marc:datafield ind1=" " ind2=" " tag="500">
      <marc:subfield code="a">Longlist The Booker Prize 2023</marc:subfield>
   </marc:datafield>
   <marc:datafield ind1=" " ind2=" " tag="300">
      <marc:subfield code="a">352 Seiten, Mit Glanzlack</marc:subfield>
   </marc:datafield>
</marc:record>
